00626nam a2200157Ia 4500008004100000020001500041082001400056100003000070245011100100260006800211300001900279942003500298942001200333952010800345999001500453250602s9999 xx 000 0 und d a9241571705 a615.9 ASS aWorld Health Organization 0aAssessing human health risks of chemicals : derivation of guidance values for health-based exposure limits aGenevabInternational Programme on Chemical Safety (IPCS)c1994 a73 p. ; 21 cm. h615.96615_900000000000000_ASS iASScAD 94019aKFPLbKFPLcEnglish Collectiond2025-06-02l0o615.9 ASSpKL-2024-001426r2025-06-02 05:12:21yAD c3717d3717